000 00326nam a2200133Ia 4500
008 190216s9999||||xx |||||||||||||| ||und||
100 _a"Nigham . Sp , Sinha. H.C , Sarma. Jc"
245 0 _aText Book Of Dynamics
250 _a1st Ed.
260 _bRamprasad&Sons
_c1965
300 _a389
650 _aPhysics
942 _cBK
999 _c32716
_d32716